Vista normal Vista MARC

Entrada Personal Name

Número de registros utilizados en: 1

001 - CONTROL NUMBER

  • control field: 26235

003 - CONTROL NUMBER IDENTIFIER

  • control field: OSt

005 - DATE AND TIME OF LATEST TRANSACTION

  • control field: 20210310223944.0

008 - FIXED-LENGTH DATA ELEMENTS

  • fixed length control field: 210310|| aca||aabn | a|a d

040 ## - CATALOGING SOURCE

  • Original cataloging agency: OSt
  • Transcribing agency: OSt

100 ## - HEADING--PERSONAL NAME

  • Personal name: Garcia, Jose Ignacio

670 ## - SOURCE DATA FOUND

  • Source citation: Work cat.: (OSt): Garcia, Jose Ignacio, El impacto de la gran crisis mundial sobre el derecho del trabajo y la seguridad social. Su incidencia en España, Europa, y Brasil, 2008-2014, 2014